|
|
|
|
| LEADER |
01725nam a2200565 i 4500 |
| 001 |
nkc20172952883 |
| 003 |
CZ PrNK |
| 005 |
20180205162943.0 |
| 007 |
ta |
| 008 |
171113s2016 xr a e 000 0 cze |
| 015 |
|
|
|a cnb002952883
|
| 020 |
|
|
|a 978-80-88218-02-9
|q (brožováno)
|
| 035 |
|
|
|a (OCoLC)1019658946
|
| 040 |
|
|
|a ABA001
|b cze
|e rda
|
| 072 |
|
7 |
|a 101
|x Filozofie
|2 Konspekt
|9 5
|
| 080 |
|
|
|a 113/119
|2 MRF
|
| 080 |
|
|
|a 572.9
|2 MRF
|
| 080 |
|
|
|a 502.2
|2 MRF
|
| 080 |
|
|
|a 72/76
|2 MRF
|
| 080 |
|
|
|a 7.037.5
|2 MRF
|
| 080 |
|
|
|a (0:82-4)
|2 MRF
|
| 080 |
|
|
|a (082.21)
|2 MRF
|
| 100 |
1 |
|
|a Horáček, Ivan,
|d 1952-
|7 jk01042018
|4 aut
|
| 245 |
1 |
0 |
|a Lébnsvelt /
|c Ivan Horáček
|
| 246 |
1 |
|
|i Název v tiráži:
|a Lébensvelt
|
| 250 |
|
|
|a Vydání 1.
|
| 264 |
|
1 |
|a Praha :
|b Analogon,
|c 2016
|
| 300 |
|
|
|a 467 stran :
|b ilustrace ;
|c 23 cm
|
| 336 |
|
|
|a text
|b txt
|2 rdacontent
|
| 337 |
|
|
|a bez média
|b n
|2 rdamedia
|
| 338 |
|
|
|a svazek
|b nc
|2 rdacarrier
|
| 650 |
0 |
7 |
|a svět (filozofie)
|7 ph135774
|2 czenas
|
| 650 |
0 |
7 |
|a člověk
|7 ph116876
|2 czenas
|
| 650 |
0 |
7 |
|a příroda
|7 ph115994
|2 czenas
|
| 650 |
0 |
7 |
|a umění
|7 ph116538
|2 czenas
|
| 650 |
0 |
7 |
|a surrealismus (umění)
|7 ph126286
|2 czenas
|
| 650 |
0 |
9 |
|a world
|2 eczenas
|
| 650 |
0 |
9 |
|a human beings
|2 eczenas
|
| 650 |
0 |
9 |
|a nature
|2 eczenas
|
| 650 |
0 |
9 |
|a art
|2 eczenas
|
| 650 |
0 |
9 |
|a surrealism (art)
|2 eczenas
|
| 655 |
|
7 |
|a eseje
|7 fd132213
|2 czenas
|
| 655 |
|
7 |
|a výbory
|7 fd133853
|2 czenas
|
| 655 |
|
9 |
|a essays
|2 eczenas
|
| 655 |
|
9 |
|a selected works
|2 eczenas
|
| 910 |
2 |
|
|a BOA001
|b 2-1402.115
|
| 928 |
9 |
|
|a Spolek Analogon
|
| 990 |
|
|
|a BK
|
| 995 |
|
|
|a 01
|
| 996 |
6 |
|
|b 2610730728
|c 2-1402.115
|l MZK
|r Sklad / do 1 hodiny
|n 0
|p p.v.
|w 001646374
|u 000010
|a 1
|e BOA001
|j MZK50
|s P
|